Caracteres et visages
Guardat en:
| Autor principal: | |
|---|---|
| Format: | Llibre |
| Idioma: | francès |
| Publicat: |
París
Universitaires de France
1963
|
| Edició: | 2a. ed |
| Col·lecció: | Caractères. Caracterologie et Analyse de la Personnalité, 9
|
| Matèries: | |
| Etiquetes: |
Afegir etiqueta
Sense etiquetes, Sigues el primer a etiquetar aquest registre!
|
MARC
| LEADER | 00000nam a2200000 a 4500 | ||
|---|---|---|---|
| 001 | UCZ6766 | ||
| 003 | CL-VaPUC | ||
| 008 | 951215e19630000FR |||||||||||||||||fre|d | ||
| 082 | 0 | 4 | |a 155.2 |b MUC |2 21 |
| 100 | |a Mucchielli, Roger |e auteur |9 351271 | ||
| 245 | 1 | 0 | |a Caracteres et visages |
| 250 | |a 2a. ed | ||
| 300 | |a 364 p | ||
| 942 | |c BK | ||
| 945 | |d 19951215 00:00:00 |a cmena | ||
| 260 | |a París |b Universitaires de France |c 1963 | ||
| 650 | 7 | |a CARACTERIOLOGIA |2 CL-VaPUC |9 334613 | |
| 650 | 0 | |a Personalidad |9 307255 | |
| 650 | 0 | |a Psicología individual |9 309049 | |
| 650 | 0 | |a Emociones |9 265224 | |
| 650 | 7 | |a PSICOLOGIA EXPERIMENTAL |2 CL-VaPUC |9 309015 | |
| 583 | |a last modification |c 19951215 00:00:00 |k Rodrigo Vera | ||
| 490 | 0 | |a Caractères. Caracterologie et Analyse de la Personnalité, 9 | |
| 999 | |c 242937 |d 242935 | ||
| 952 | |0 0 |1 0 |4 0 |6 155_200000000000000_MUC_1963 |7 0 |8 P |9 256270 |a BIBEDU |b BIBEDU |c BIBEDU_PB |d 2019-11-19 |i 1607960 |o 155.2 MUC 1963 |p 1607960 |r 2024-01-25 |w 2019-11-19 |y BK |k EDU | ||